000
00303nam a2200109Ia 4500
008
171211s9999 xx 000 0 und d
245
_a
Learning ArcGIS for Desktop
245
_c
Daniela Cristiana Docan
260
_c
2016
650
_x
SOFTWARE
856
_u
http://down.ebook777.com/061/9781782175797.pdf
999
_c
349365
_d
349365